[Event "Warsaw YMCA Spring-D 170th"]
[Site "Warsaw"]
[Date "2016.05.16"]
[Round "7"]
[White "Fieducik, Marcin"]
[Black "Rozycki, Dariusz"]
[Result "1-0"]
[WhiteElo "1409"]
[BlackElo "1384"]
[PlyCount "39"]
[EventDate "2016.04.05"]
[EventType "tourn"]
[EventRounds "13"]
[EventCountry "POL"]
[SourceTitle "EXT 2019"]
[Source "ChessBase"]
[SourceDate "2018.10.10"]
[SourceVersion "1"]
[SourceVersionDate "2018.10.10"]
[SourceQuality "1"]

1. d4 Nf6 2. c4 e6 3. Nc3 Bb4 4. a3 Bxc3+ 5. bxc3 c5 6. e3 Nc6 7. Nf3 b6 8. Bd3 0-0 9. 0-0 Ba6 10. e4 Ne8 11. e5 f5 12. d5 Na5 13. Bg5 Qb8 14. Be7 Rf7 15. d6 Nxc4 16. Ng5 Nb2 17. Qh5 g6 18. Qh6 Nxd3 19. Nxf7 Kxf7 20. Qf8# 1-0

[Event "Warsaw YMCA Spring-D 170th"]
[Site "Warsaw"]
[Date "2016.04.19"]
[Round "3"]
[White "Kucharski, Jacek"]
[Black "Rozycki, Dariusz"]
[Result "1-0"]
[WhiteElo "1376"]
[BlackElo "1384"]
[PlyCount "59"]
[EventDate "2016.04.05"]
[EventType "tourn"]
[EventRounds "13"]
[EventCountry "POL"]
[SourceTitle "EXT 2019"]
[Source "ChessBase"]
[SourceDate "2018.10.10"]
[SourceVersion "1"]
[SourceVersionDate "2018.10.10"]
[SourceQuality "1"]

1. d4 Nf6 2. c4 e6 3. Nc3 Bb4 4. Bd2 0-0 5. Nf3 b6 6. g3 Bb7 7. Bg2 d6 8. 0-0 Qe7 9. a3 Bxc3 10. Bxc3 Rd8 11. Qc2 Nbd7 12. Rfe1 Rac8 13. b4 c5 14. dxc5 dxc5 15. Rad1 cxb4 16. Bxb4 Nc5 17. Nd2 Bxg2 18. Kxg2 Qb7+ 19. Kg1 a5 20. Bxc5 Rxc5 21. Nb3 Rcc8 22. Rxd8+ Rxd8 23. c5 Rc8 24. Rd1 a4 25. c6 Qe7 26. Nd4 Qxa3 27. Nb5 Qe7 28. Qxa4 Rxc6 29. Qa8+ Ne8 30. Qxc6 1-0

[Event "Warsaw YMCA Spring-D 170th"]
[Site "Warsaw"]
[Date "2016.04.12"]
[Round "2"]
[White "Rozycki, Dariusz"]
[Black "Budrewicz, Henryk"]
[Result "0-1"]
[WhiteElo "1384"]
[BlackElo "1461"]
[PlyCount "68"]
[EventDate "2016.04.05"]
[EventType "tourn"]
[EventRounds "13"]
[EventCountry "POL"]
[SourceTitle "EXT 2019"]
[Source "ChessBase"]
[SourceDate "2018.10.10"]
[SourceVersion "1"]
[SourceVersionDate "2018.10.10"]
[SourceQuality "1"]

1. e4 c6 2. d4 d6 3. Nc3 Qc7 4. Bf4 e5 5. dxe5 dxe5 6. Bg3 Bd6 7. Nf3 Bg4 8. Bc4 Nf6 9. Qd3 0-0 10. Bh4 h6 11. h3 Be6 12. Bxf6 Bxc4 13. Qxc4 gxf6 14. Nh4 Kh7 15. Nf5 b5 16. Qe2 Rg8 17. Qh5 Rg6 18. Rd1 Bf8 19. 0-0 Nd7 20. Rd3 Nc5 21. Nd5 cxd5 22. Rxd5 Ne6 23. Qd1 Rd8 24. Rxd8 Qxd8 25. Qxd8 Nxd8 26. Rd1 Ne6 27. Rd7 Ng5 28. h4 Nxe4 29. Rxf7+ Kg8 30. Rxa7 Bc5 31. Rb7 Nxf2 32. h5 Ng4+ 33. Kf1 Rg5 34. Rxb5 Rxf5+ 0-1

[Event "Warsaw YMCA Winter-D 166th"]
[Site "Warsaw"]
[Date "2016.03.01"]
[Round "9"]
[White "Budrewicz, Henryk"]
[Black "Rozycki, Dariusz"]
[Result "1/2-1/2"]
[WhiteElo "1498"]
[BlackElo "1398"]
[PlyCount "108"]
[EventDate "2016.01.05"]
[EventType "tourn"]
[EventRounds "13"]
[EventCountry "POL"]
[SourceTitle "EXT 2019"]
[Source "ChessBase"]
[SourceDate "2018.10.10"]
[SourceVersion "1"]
[SourceVersionDate "2018.10.10"]
[SourceQuality "1"]

1. d4 g6 2. Bf4 Nf6 3. Nf3 Bg7 4. e3 Nh5 5. Bg3 Nxg3 6. hxg3 0-0 7. Nbd2 d6 8. Be2 Nc6 9. c3 Re8 10. Bb5 Bd7 11. Ng5 h6 12. Nh3 e5 13. d5 Ne7 14. Bxd7 Qxd7 15. e4 f5 16. Qb3 f4 17. 0-0-0 fxg3 18. fxg3 b5 19. Rdf1 a5 20. a3 Reb8 21. Rf3 b4 22. cxb4 axb4 23. axb4 Ra4 24. Qc3 Raxb4 25. b3 Nxd5 26. exd5 e4 27. Rf6 e3 28. Qxe3 Bxf6 29. Qxh6 Qg7 30. Nf4 Ra8 31. Qxg7+ Kxg7 32. Ne6+ Kg8 33. Rh6 Ra1+ 34. Kc2 Ra2+ 35. Kd3 Rg4 36. Ne4 Be5 37. N4g5 Rxg3+ 38. Kc4 Rc2+ 39. Kb4 Rcxg2 40. Rxg6+ Kh8 41. Nf7+ Kh7 42. Rh6+ Kg8 43. Nfd8 Rg6 44. Rh1 Rd2 45. Nxc7 Rd4+ 46. Kb5 Rgg4 47. Kc6 Rb4 48. Rb1 Kf8 49. Nde6+ Ke7 50. Na6 Rgc4+ 51. bxc4 Rxb1 52. c5 dxc5 53. Nexc5 Rc1 54. Nb4 Rd1 1/2-1/2

[Event "Warsaw YMCA Winter-D 166th"]
[Site "Warsaw"]
[Date "2016.01.20"]
[Round "5"]
[White "Felicetti, Francesco"]
[Black "Rozycki, Dariusz"]
[Result "1/2-1/2"]
[WhiteElo "1352"]
[BlackElo "1398"]
[PlyCount "72"]
[EventDate "2016.01.05"]
[EventType "tourn"]
[EventRounds "13"]
[EventCountry "POL"]
[SourceTitle "EXT 2019"]
[Source "ChessBase"]
[SourceDate "2018.10.10"]
[SourceVersion "1"]
[SourceVersionDate "2018.10.10"]
[SourceQuality "1"]

1. e4 e5 2. Nf3 Nc6 3. d3 d5 4. exd5 Qxd5 5. Nc3 Bb4 6. Bd2 Bxc3 7. Bxc3 Bg4 8. Be2 f6 9. 0-0 0-0-0 10. Re1 h5 11. h3 Be6 12. Nd2 h4 13. Bf3 Qd7 14. Ne4 Nd4 15. Nc5 Nxf3+ 16. Qxf3 Bd5 17. Nxd7 Bxf3 18. Nc5 Bc6 19. Ne4 g5 20. Rad1 Rh6 21. Kh2 Ne7 22. Bd2 Rg6 23. f3 Rdg8 24. Nf2 Nd5 25. Ng4 Nf4 26. Bxf4 exf4 27. Re6 f5 28. Rxg6 Rxg6 29. Ne5 Rf6 30. c3 Bd7 31. Nxd7 Kxd7 32. Re1 Re6 33. Rxe6 Kxe6 34. Kg1 b5 35. b4 Kd5 36. Kf2 a6 1/2-1/2

[Event "Warsaw YMCA Winter-D 166th"]
[Site "Warsaw"]
[Date "2016.01.05"]
[Round "1"]
[White "Rozycki, Dariusz"]
[Black "Matyszkiewicz, Wiktor"]
[Result "0-1"]
[WhiteElo "1398"]
[BlackElo "1412"]
[PlyCount "48"]
[EventDate "2016.01.05"]
[EventType "tourn"]
[EventRounds "13"]
[EventCountry "POL"]
[SourceTitle "EXT 2019"]
[Source "ChessBase"]
[SourceDate "2018.10.10"]
[SourceVersion "1"]
[SourceVersionDate "2018.10.10"]
[SourceQuality "1"]

1. e4 c5 2. d4 e6 3. Nf3 cxd4 4. c3 Nf6 5. e5 Nd5 6. Nxd4 Qc7 7. f4 a6 8. Be2 Bc5 9. 0-0 Nc6 10. Kh1 Qb6 11. Nf5 0-0 12. Nd6 Bxd6 13. exd6 Qc5 14. a3 b5 15. Bf3 Qxd6 16. f5 Nce7 17. f6 gxf6 18. Bh6 Re8 19. Bxd5 Qxd5 20. Qg4+ Ng6 21. Rxf6 Bb7 22. Nd2 Rac8 23. Raf1 Re7 24. Ne4 Qxe4 0-1

[Event "Warsaw YMCA Autumn-D 158th"]
[Site "Warsaw"]
[Date "2015.12.15"]
[Round "13"]
[White "Kalejta, Arkadiusz"]
[Black "Rozycki, Dariusz"]
[Result "1-0"]
[WhiteElo "1585"]
[BlackElo "1399"]
[PlyCount "57"]
[EventDate "2015.09.22"]
[EventType "tourn"]
[EventRounds "13"]
[EventCountry "POL"]
[SourceTitle "EXT 2019"]
[Source "ChessBase"]
[SourceDate "2018.10.10"]
[SourceVersion "1"]
[SourceVersionDate "2018.10.10"]
[SourceQuality "1"]

1. e4 e5 2. Nf3 Nc6 3. Bb5 a6 4. Ba4 b5 5. Bb3 Nf6 6. 0-0 Be7 7. Re1 0-0 8. c3 d5 9. exd5 Nxd5 10. Nxe5 Nxe5 11. Rxe5 c6 12. d4 Bd6 13. Re1 Qh4 14. g3 Qh3 15. Re4 Qf5 16. Bc2 Nf6 17. Rh4 Qe6 18. Bg5 h6 19. Bxf6 Qxf6 20. Nd2 c5 21. Ne4 Qe7 22. Nxd6 Qxd6 23. dxc5 Qxc5 24. Qd3 f5 25. Bb3+ Kh8 26. Qf3 Bd7 27. Qf4 Kh7 28. Rd1 Rad8 29. Rd6 1-0

[Event "Mazowiec-chT op 1516"]
[Site "Poland"]
[Date "2015.12.13"]
[Round "4.4"]
[White "Rozycki, Dariusz"]
[Black "Runowiecki, Tadeusz"]
[Result "1/2-1/2"]
[WhiteElo "1402"]
[BlackElo "1859"]
[PlyCount "20"]
[EventDate "2015.11.29"]
[EventType "team-tourn"]
[EventRounds "10"]
[EventCountry "POL"]
[SourceTitle "EXT 2019"]
[Source "ChessBase"]
[SourceDate "2018.10.10"]
[SourceVersion "1"]
[SourceVersionDate "2018.10.10"]
[SourceQuality "1"]

1. e4 g6 2. Nf3 Bg7 3. Bc4 e6 4. d4 Ne7 5. Nc3 0-0 6. Be3 d5 7. Bb3 c6 8. Qd2 Qa5 9. 0-0-0 dxe4 10. Nxe4 Qxd2+ 1/2-1/2

[Event "Warsaw YMCA Autumn-D 158th"]
[Site "Warsaw"]
[Date "2015.10.22"]
[Round "4"]
[White "Staszewski, Krzysztof"]
[Black "Rozycki, Dariusz"]
[Result "1-0"]
[WhiteElo "1416"]
[BlackElo "1399"]
[PlyCount "55"]
[EventDate "2015.09.22"]
[EventType "tourn"]
[EventRounds "13"]
[EventCountry "POL"]
[SourceTitle "EXT 2019"]
[Source "ChessBase"]
[SourceDate "2018.10.10"]
[SourceVersion "1"]
[SourceVersionDate "2018.10.10"]
[SourceQuality "1"]

1. c4 e5 2. Nc3 Nc6 3. g3 f5 4. Bg2 Nf6 5. d3 g6 6. Nf3 d6 7. 0-0 Bg7 8. a3 0-0 9. Rb1 Rb8 10. Qc2 h6 11. b4 g5 12. e3 Nh5 13. Bb2 f4 14. exf4 exf4 15. Ne4 Bg4 16. b5 Ne5 17. Nxe5 dxe5 18. f3 Bf5 19. g4 Bxe4 20. dxe4 Nf6 21. Bxe5 Nxg4 22. Bxg7 Ne3 23. Qc3 Rf7 24. Bd4 Nxf1 25. Bxf1 b6 26. c5 bxc5 27. Qxc5 a6 28. Bc4 1-0

[Event "Warsaw YMCA Autumn-D 158th"]
[Site "Warsaw"]
[Date "2015.10.06"]
[Round "3"]
[White "Rozycki, Dariusz"]
[Black "Szymanski, Pawel"]
[Result "0-1"]
[WhiteElo "1399"]
[BlackElo "1490"]
[PlyCount "70"]
[EventDate "2015.09.22"]
[EventType "tourn"]
[EventRounds "13"]
[EventCountry "POL"]
[SourceTitle "EXT 2019"]
[Source "ChessBase"]
[SourceDate "2018.10.10"]
[SourceVersion "1"]
[SourceVersionDate "2018.10.10"]
[SourceQuality "1"]

1. e4 e5 2. Nf3 Nc6 3. Bc4 Bc5 4. 0-0 Nf6 5. d4 exd4 6. e5 d5 7. exf6 dxc4 8. Re1+ Be6 9. Ng5 Qxf6 10. Nxe6 fxe6 11. Qh5+ Kd7 12. Qxc5 Raf8 13. f3 Qg6 14. Qxc4 Rxf3 15. Nd2 Rf5 16. Ne4 b6 17. Bd2 Rd5 18. Ng3 h5 19. Rf1 h4 20. Ne2 h3 21. g3 Qe4 22. Nf4 Rf5 23. Rae1 Ne5 24. Qa4+ Qc6 25. Qxd4+ Kc8 26. Qe4 Qxe4 27. Rxe4 Rhf8 28. Rfe1 Nf3+ 29. Kf2 Nxd2 30. Rxe6 g5 31. Ke2 gxf4 32. Kxd2 fxg3 33. hxg3 Rf2+ 34. R6e2 Rd8+ 35. Ke3 Rxe2+ 0-1

[Event "Warsaw YMCA Autumn-D 158th"]
[Site "Warsaw"]
[Date "2015.09.22"]
[Round "1"]
[White "Rozycki, Dariusz"]
[Black "Moscicki, Slawomir"]
[Result "1-0"]
[WhiteElo "1399"]
[BlackElo "1291"]
[PlyCount "74"]
[EventDate "2015.09.22"]
[EventType "tourn"]
[EventRounds "13"]
[EventCountry "POL"]
[SourceTitle "EXT 2019"]
[Source "ChessBase"]
[SourceDate "2018.10.10"]
[SourceVersion "1"]
[SourceVersionDate "2018.10.10"]
[SourceQuality "1"]

1. e4 g6 2. d4 Bg7 3. Bc4 d6 4. Nf3 Nf6 5. e5 dxe5 6. Nxe5 0-0 7. Nc3 c6 8. 0-0 b5 9. Bb3 e6 10. Bg5 h6 11. Bh4 b4 12. Ne4 Bb7 13. c3 g5 14. Bg3 Nxe4 15. Qh5 Nf6 16. Qh3 Bc8 17. f4 Ne4 18. fxg5 Nxg5 19. Qh5 f6 20. Ng4 Qe7 21. Nxh6+ Bxh6 22. Qxh6 Qg7 23. Qh5 Bd7 24. Rf4 Be8 25. Qg4 Bf7 26. Raf1 f5 27. Qe2 Nd7 28. Rh4 Qg6 29. Bc2 bxc3 30. Rg4 cxb2 31. h4 Kh7 32. Rxg5 Qf6 33. Be5 Nxe5 34. dxe5 Qh6 35. g3 Rg8 36. Rxg8 Rxg8 37. Kh2 Bh5 1-0

[Event "Mazowiec-chT op 2013"]
[Site "Poland"]
[Date "2013.10.06"]
[Round "4.24"]
[White "Zalewski, Daniel"]
[Black "Rozycki, Dariusz"]
[Result "1-0"]
[WhiteElo "1743"]
[BlackElo "1488"]
[PlyCount "62"]
[EventDate "2013.09.29"]
[EventType "team-swiss"]
[EventRounds "10"]
[EventCountry "POL"]
[SourceTitle "EXT 2019"]
[Source "ChessBase"]
[SourceDate "2018.10.10"]
[SourceVersion "1"]
[SourceVersionDate "2018.10.10"]
[SourceQuality "1"]

1. d4 d5 2. Nf3 c6 3. c4 dxc4 4. e4 b5 5. a4 a6 6. Nc3 Bb7 7. Bf4 Nf6 8. Qc2 e6 9. Be2 Be7 10. 0-0 0-0 11. Rfd1 Nbd7 12. Ne5 Bb4 13. Bf3 Bxc3 14. Qxc3 Qc8 15. Rd2 Nb6 16. a5 Nbd7 17. Rad1 Rd8 18. Bg5 h6 19. Bh4 Re8 20. Nxd7 Qxd7 21. Bxf6 gxf6 22. d5 e5 23. dxc6 Qxc6 24. Rd6 Qc5 25. b4 Qc8 26. Qe3 Kg7 27. Rxf6 Re6 28. Qxh6+ Kg8 29. Qg5+ Kf8 30. Bg4 c3 31. Bxe6 Bc6 1-0

[Event "Warsaw YMCA Spring 120th"]
[Site "Warsaw"]
[Date "2013.06.04"]
[Round "9"]
[White "Golecki, Jan"]
[Black "Rozycki, Dariusz"]
[Result "1/2-1/2"]
[WhiteElo "1505"]
[BlackElo "1465"]
[PlyCount "50"]
[EventDate "2013.04.09"]
[EventType "tourn"]
[EventRounds "11"]
[EventCountry "POL"]
[SourceTitle "EXT 2014"]
[Source "ChessBase"]
[SourceDate "2013.11.20"]
[SourceVersion "1"]
[SourceVersionDate "2013.11.20"]
[SourceQuality "1"]

1. e4 e5 2. f4 exf4 3. Nf3 h6 4. d4 g5 5. Bc4 d6 6. 0-0 Nc6 7. Nc3 Bg7 8. Ne2 Nf6 9. Qd3 0-0 10. a3 Bg4 11. c3 Re8 12. Nd2 Bxe2 13. Qxe2 d5 14. Ba2 dxe4 15. Qc4 Qd7 16. Re1 e3 17. Nf3 Re7 18. b4 Rae8 19. b5 Na5 20. Qa4 b6 21. Ne5 Qc8 22. Ng6 Rd7 23. Ne5 Rde7 24. Ng6 Rd7 25. Ne5 Rde7 1/2-1/2

[Event "Warsaw YMCA Spring 120th"]
[Site "Warsaw"]
[Date "2013.05.06"]
[Round "5"]
[White "Bartczak, Hanna"]
[Black "Rozycki, Dariusz"]
[Result "1-0"]
[WhiteElo "1562"]
[BlackElo "1465"]
[PlyCount "55"]
[EventDate "2013.04.09"]
[EventType "tourn"]
[EventRounds "11"]
[EventCountry "POL"]
[SourceTitle "EXT 2014"]
[Source "ChessBase"]
[SourceDate "2013.11.20"]
[SourceVersion "1"]
[SourceVersionDate "2013.11.20"]
[SourceQuality "1"]

1. Nf3 d5 2. d4 Nf6 3. c4 c6 4. cxd5 cxd5 5. Nc3 Nc6 6. Bg5 e6 7. e3 Be7 8. Be2 0-0 9. 0-0 Ng4 10. Bf4 Bd6 11. Bxd6 Qxd6 12. h3 Nh6 13. Qd2 e5 14. dxe5 Nxe5 15. Qxd5 Nxf3+ 16. Bxf3 Qg6 17. Be4 Qf6 18. Qd3 Rd8 19. Qc2 Bf5 20. Bxf5 Nxf5 21. Rad1 Nd6 22. Rd4 g6 23. Rfd1 Rac8 24. Qd3 Rc6 25. Nb5 Nxb5 26. Rxd8+ Kg7 27. Qxb5 Rc2 28. R8d2 1-0

[Event "Polanica Zdroj op-D 48th"]
[Site "Polanica Zdroj"]
[Date "2012.08.26"]
[Round "9"]
[White "Rozycki, Dariusz"]
[Black "Lukasiewicz, Krzysztof"]
[Result "0-1"]
[WhiteElo "1470"]
[BlackElo "1648"]
[PlyCount "48"]
[EventDate "2012.08.18"]
[EventType "swiss"]
[EventRounds "9"]
[EventCountry "POL"]
[SourceTitle "EXT 2014"]
[Source "ChessBase"]
[SourceDate "2013.11.20"]
[SourceVersion "1"]
[SourceVersionDate "2013.11.20"]
[SourceQuality "1"]

1. e4 e5 2. Nf3 Nc6 3. Bc4 Bc5 4. 0-0 Nf6 5. d4 Bxd4 6. Nxd4 Nxd4 7. f4 Nc6 8. Bxf7+ Kxf7 9. fxe5 Nxe5 10. Qd5+ Kf8 11. Qxe5 d6 12. Qf4 Qe7 13. Nc3 Ke8 14. Nd5 Nxd5 15. exd5 Rf8 16. Qd4 Rxf1+ 17. Kxf1 b6 18. Bd2 Kf8 19. Re1 Qf7+ 20. Kg1 Ba6 21. c4 Kg8 22. b3 Rf8 23. Qe3 Bc8 24. Qe7 Qf2+ 0-1

[Event "Polanica Zdroj op-D 48th"]
[Site "Polanica Zdroj"]
[Date "2012.08.18"]
[Round "1"]
[White "Rozycki, Dariusz"]
[Black "Gorecki, Janusz"]
[Result "0-1"]
[WhiteElo "1470"]
[BlackElo "1869"]
[PlyCount "120"]
[EventDate "2012.08.18"]
[EventType "swiss"]
[EventRounds "9"]
[EventCountry "POL"]
[SourceTitle "EXT 2014"]
[Source "ChessBase"]
[SourceDate "2013.11.20"]
[SourceVersion "1"]
[SourceVersionDate "2013.11.20"]
[SourceQuality "1"]

1. e4 c5 2. d4 cxd4 3. c3 e5 4. cxd4 exd4 5. Nf3 Bb4+ 6. Bd2 Bc5 7. Bc4 Nf6 8. Bg5 Qa5+ 9. Nbd2 Nc6 10. Bxf6 gxf6 11. 0-0 d6 12. a3 Bb6 13. Nb3 Qh5 14. Nbxd4 Ke7 15. Nf5+ Bxf5 16. exf5 Qxf5 17. Re1+ Ne5 18. Qd5 Qe6 19. Qxb7+ Qd7 20. Qd5 Raf8 21. Bb5 Qd8 22. Rac1 Rfg8 23. Nd4 Bxd4 24. Qxd4 Kf8 25. Re3 Qb8 26. Ba6 Qb6 27. Qxb6 axb6 28. f4 Ng6 29. Rc8+ Kg7 30. Rxg8+ Rxg8 31. f5 Ne5 32. Rb3 Rb8 33. a4 Nd7 34. Bb5 Nc5 35. Rb4 Kf8 36. Kf2 Ke7 37. Ke3 d5 38. Kd4 Kd6 39. Be8 Na6 40. Rb5 Nc7 41. Rb3 Nxe8 42. a5 b5 43. Rh3 Rc8 44. b3 Rc1 45. Rxh7 Rd1+ 46. Kc3 Ra1 47. Kb4 d4 48. Rh3 Nc7 49. Rd3 Ke5 50. g4 Ke4 51. Rd2 Ke3 52. Rc2 Nd5+ 53. Kxb5 d3 54. Rb2 d2 55. Rxd2 Kxd2 56. b4 Kc3 57. h4 Nxb4 58. g5 Rf1 59. g6 Rxf5+ 60. Kb6 fxg6 0-1

[Event "Warsaw YMCA Spring-D 104th"]
[Site "Warsaw"]
[Date "2012.05.15"]
[Round "6"]
[White "Jackiewicz, Jerzy"]
[Black "Rozycki, Dariusz"]
[Result "1-0"]
[WhiteElo "1668"]
[BlackElo "1500"]
[PlyCount "121"]
[EventDate "2012.04.10"]
[EventType "tourn"]
[EventRounds "11"]
[EventCountry "POL"]
[SourceTitle "EXT 2013"]
[Source "ChessBase"]
[SourceDate "2012.11.22"]
[SourceVersion "1"]
[SourceVersionDate "2012.11.22"]
[SourceQuality "1"]

1. e4 e5 2. Nf3 Nc6 3. c3 d5 4. exd5 Qxd5 5. c4 Qd8 6. Nc3 Bg4 7. Be2 f5 8. h3 Bh5 9. Nxe5 Nxe5 10. Bxh5+ g6 11. Be2 Nd3+ 12. Bxd3 Qxd3 13. Qe2+ Qxe2+ 14. Nxe2 0-0-0 15. 0-0 Bc5 16. Rb1 Nf6 17. b4 Be7 18. d4 h6 19. d5 g5 20. f3 g4 21. fxg4 fxg4 22. h4 g3 23. Nxg3 Rdg8 24. Nf5 Bd8 25. Nxh6 Rg6 26. Bg5 Rgxh6 27. Bxh6 Rxh6 28. g3 Ne4 29. Rf8 Nxg3 30. Rb3 Ne2+ 31. Kf2 Nc1 32. Rg3 Rf6+ 33. Rxf6 Bxf6 34. Rg4 Nd3+ 35. Ke3 Nxb4 36. a4 Kd7 37. Ke4 Kd6 38. Rg6 Ke7 39. h5 Kf7 40. Kf5 Bc3 41. h6 Nc2 42. Rg1 Bd4 43. Rc1 Na3 44. Rd1 Bh8 45. c5 Nc2 46. Rb1 b6 47. Rc1 Nd4+ 48. Ke4 Nb3 49. cxb6 cxb6 50. Rc7+ Kg6 51. h7 a5 52. d6 Nc5+ 53. Kd5 Kf5 54. Rc8 Bf6 55. h8Q Bxh8 56. Rxh8 Kf6 57. Kc6 Ke6 58. Rh6+ Kf7 59. d7 Ke7 60. Rh7+ Kd8 61. Rh8+ 1-0

[Event "Warsaw YMCA Spring-D 104th"]
[Site "Warsaw"]
[Date "2012.05.11"]
[Round "8"]
[White "Wrabel, Antoni"]
[Black "Rozycki, Dariusz"]
[Result "0-1"]
[WhiteElo "1713"]
[BlackElo "1500"]
[PlyCount "118"]
[EventDate "2012.04.10"]
[EventType "tourn"]
[EventRounds "11"]
[EventCountry "POL"]
[SourceTitle "EXT 2013"]
[Source "ChessBase"]
[SourceDate "2012.11.22"]
[SourceVersion "1"]
[SourceVersionDate "2012.11.22"]
[SourceQuality "1"]

1. e4 e5 2. Nf3 Nc6 3. Bb5 f5 4. Nc3 fxe4 5. Nxe4 d5 6. Ng3 Bd6 7. 0-0 Nf6 8. d3 0-0 9. h3 Ne7 10. Ba4 c6 11. Bb3 Qb6 12. Ne4 Nxe4 13. dxe4 Kh8 14. exd5 cxd5 15. Bxd5 Nxd5 16. Qxd5 Bxh3 17. Ng5 Bd7 18. Be3 Qc7 19. Rfd1 Rf6 20. Nf7+ Rxf7 21. Qxf7 Rf8 22. Qd5 Rf6 23. Rd3 Bc6 24. Qb3 Rg6 25. g3 e4 26. Rxd6 Qxd6 27. c4 a6 28. Rd1 Qe7 29. Qb6 h5 30. Rd8+ Kh7 31. Qd4 h4 32. Kh2 hxg3+ 33. fxg3 Qf7 34. Qd1 Rf6 35. Qg4 Rf2+ 36. Kh3 Rf5 37. Kh4 Rf1 38. Kh3 Rh1+ 39. Kg2 Qf3+ 40. Qxf3 exf3+ 41. Kf2 Rh2+ 42. Kf1 Rxb2 43. Rd2 Rb1+ 44. Kf2 Rh1 45. Bf4 Rc1 46. g4 Rxc4 47. Kg3 a5 48. g5 a4 49. Be3 Kg6 50. Rd6+ Kf5 51. Rd8 Rg4+ 52. Kh3 Rg2 53. Rg8 Kg6 54. Kh4 Rxa2 55. Bd4 Rh2+ 56. Kg3 Rh7 57. Kg4 Kf7 58. Rd8 Rh1 59. Rd6 Rd1 0-1

[Event "Warsaw YMCA Spring-D 104th"]
[Site "Warsaw"]
[Date "2012.05.08"]
[Round "5"]
[White "Rozycki, Dariusz"]
[Black "Sokur, Ivan"]
[Result "0-1"]
[WhiteElo "1500"]
[BlackElo "1456"]
[PlyCount "60"]
[EventDate "2012.04.10"]
[EventType "tourn"]
[EventRounds "11"]
[EventCountry "POL"]
[SourceTitle "EXT 2013"]
[Source "ChessBase"]
[SourceDate "2012.11.22"]
[SourceVersion "1"]
[SourceVersionDate "2012.11.22"]
[SourceQuality "1"]

1. e4 e6 2. d4 d5 3. Nc3 c5 4. dxc5 Bxc5 5. exd5 Nf6 6. Bb5+ Bd7 7. dxe6 fxe6 8. Nf3 0-0 9. Bxd7 Qxd7 10. 0-0 Qxd1 11. Rxd1 Ng4 12. Ne4 Bb6 13. h3 Nf6 14. Nd6 e5 15. Bg5 Nc6 16. Bxf6 Rxf6 17. Ne4 Rf4 18. Re1 h6 19. a3 Raf8 20. c4 Bd4 21. Nxd4 Nxd4 22. Rac1 b6 23. b4 g5 24. c5 bxc5 25. Rxc5 R4f5 26. Ng3 Rxf2 27. Rexe5 Ra2 28. Rc7 Ra1+ 29. Kh2 Ra2 30. Rce7 Nf3+ 0-1

[Event "Warsaw YMCA Spring-D 104th"]
[Site "Warsaw"]
[Date "2012.05.01"]
[Round "4"]
[White "Budrewicz, Henryk"]
[Black "Rozycki, Dariusz"]
[Result "1-0"]
[WhiteElo "1633"]
[BlackElo "1500"]
[PlyCount "95"]
[EventDate "2012.04.10"]
[EventType "tourn"]
[EventRounds "11"]
[EventCountry "POL"]
[SourceTitle "EXT 2013"]
[Source "ChessBase"]
[SourceDate "2012.11.22"]
[SourceVersion "1"]
[SourceVersionDate "2012.11.22"]
[SourceQuality "1"]

1. g3 e5 2. d3 d5 3. Bg2 Nc6 4. Nd2 Bf5 5. e4 dxe4 6. Nxe4 Nf6 7. Bg5 Bxe4 8. Bxe4 Qd6 9. Bg2 h6 10. Bd2 Be7 11. Ne2 0-0-0 12. Nc3 h5 13. 0-0 Rdg8 14. Qf3 g5 15. Nb5 Qc5 16. Qf5+ Kb8 17. c4 g4 18. b4 Nd4 19. Nxd4 Qxd4 20. Be3 Qd7 21. Qxe5 h4 22. c5 hxg3 23. fxg3 Rg7 24. Rxf6 Bxf6 25. Qxf6 Rgh7 26. Qd4 Qa4 27. Qe4 c6 28. Bf4+ Ka8 29. Re1 a6 30. Be5 Rxh2 31. Bxh8 Rxh8 32. Qc4 f5 33. Qb3 Qxb3 34. axb3 Rf8 35. d4 f4 36. gxf4 Rxf4 37. Re4 Rf7 38. Rxg4 Ka7 39. d5 cxd5 40. Bxd5 Rd7 41. Rg5 Rc7 42. Kf2 a5 43. Ke3 axb4 44. Kd4 b5 45. Rg8 Rb7 46. Bxb7 Kxb7 47. Rg6 Kc7 48. Rb6 1-0

[Event "Warsaw YMCA Spring-D 104th"]
[Site "Warsaw"]
[Date "2012.04.24"]
[Round "3"]
[White "Rozycki, Dariusz"]
[Black "Skwarek, Hubert"]
[Result "0-1"]
[WhiteElo "1500"]
[BlackElo "1631"]
[PlyCount "112"]
[EventDate "2012.04.10"]
[EventType "tourn"]
[EventRounds "11"]
[EventCountry "POL"]
[SourceTitle "EXT 2013"]
[Source "ChessBase"]
[SourceDate "2012.11.22"]
[SourceVersion "1"]
[SourceVersionDate "2012.11.22"]
[SourceQuality "1"]

1. e4 e6 2. d4 d5 3. Nc3 Nf6 4. e5 Nfd7 5. f4 c5 6. Nf3 a6 7. Be3 Nc6 8. Qd2 b5 9. dxc5 Bxc5 10. Bxc5 Nxc5 11. Bd3 b4 12. Ne2 Qb6 13. Ned4 Nxd4 14. Nxd4 Nxd3+ 15. Qxd3 0-0 16. 0-0 a5 17. Qe3 Ba6 18. Rf3 Rac8 19. Rc1 Rc4 20. Nf5 Qc7 21. Nd4 Qb6 22. Rd1 Rfc8 23. Rd2 Rxd4 24. Qxd4 Qxd4+ 25. Rxd4 Rxc2 26. a3 Rc1+ 27. Kf2 Rc2+ 28. Kg3 Rxb2 29. axb4 axb4 30. f5 Bc4 31. fxe6 fxe6 32. Rdf4 h5 33. Rf8+ Kh7 34. Rb8 b3 35. Rf7 Re2 36. Rbb7 Kg6 37. Rxg7+ Kf5 38. Kf3 b2 39. g3 d4 40. Rh7 Kxe5 41. Rxh5+ Kd6 42. Rb4 Re3+ 43. Kf2 Re2+ 44. Kf3 Re3+ 45. Kf2 Bb3 46. Rxd4+ Kc6 47. Kxe3 b1Q 48. g4 Qg1+ 49. Ke4 Bc2+ 50. Rd3 Qf1 51. Ke5 Qe2+ 52. Kf6 Bxd3 53. Re5 Qf3+ 54. Kxe6 Bc4+ 55. Ke7 Qh3 56. g5 Qd7+ 0-1

[Event "Warsaw YMCA Spring-D 104th"]
[Site "Warsaw"]
[Date "2012.04.10"]
[Round "1"]
[White "Wilczynski, Adam"]
[Black "Rozycki, Dariusz"]
[Result "1-0"]
[WhiteElo "1654"]
[BlackElo "1500"]
[PlyCount "67"]
[EventDate "2012.04.10"]
[EventType "tourn"]
[EventRounds "11"]
[EventCountry "POL"]
[SourceTitle "EXT 2013"]
[Source "ChessBase"]
[SourceDate "2012.11.22"]
[SourceVersion "1"]
[SourceVersionDate "2012.11.22"]
[SourceQuality "1"]

1. c4 e5 2. g3 Nc6 3. Bg2 f5 4. Nc3 Nf6 5. d3 g6 6. e3 d6 7. Nge2 Bg7 8. Rb1 0-0 9. b4 Nh5 10. b5 Ne7 11. f4 exf4 12. exf4 Re8 13. 0-0 a6 14. a4 c6 15. bxc6 bxc6 16. Be3 d5 17. cxd5 cxd5 18. Bd4 Nf6 19. Rb6 Ng4 20. Qb3 Bxd4+ 21. Nxd4 Ne3 22. Rb1 Nxg2 23. Kxg2 a5 24. Nf3 Ra6 25. Rxa6 Bxa6 26. Ne5 Kg7 27. Nb5 Qc8 28. Nd6 Qa8 29. Nxe8+ Qxe8 30. Rc1 g5 31. Rc7 Kh8 32. Qb6 Bxd3 33. Qf6+ Kg8 34. Rxe7 1-0